|
|
|
|
| LEADER |
02064nam a2200529 a 4500 |
| 001 |
nkc20122345583 |
| 003 |
CZ PrNK |
| 005 |
20120720161307.0 |
| 007 |
ta |
| 008 |
120301s2011 xr f 100 0 cze |
| 015 |
|
|
|a cnb002345583
|
| 020 |
|
|
|a 978-80-87063-51-4
|q (brož.)
|
| 035 |
|
|
|a (OCoLC)796017544
|
| 040 |
|
|
|a ABA001
|b cze
|
| 041 |
1 |
|
|a cze
|b eng
|h eng
|
| 072 |
|
7 |
|a 377
|x Odborné vzdělávání
|2 Konspekt
|9 22
|
| 080 |
|
|
|a 37.011.3-051
|2 MRF
|
| 080 |
|
|
|a 331.546
|2 MRF
|
| 080 |
|
|
|a 377.4/.8
|2 MRF
|
| 080 |
|
|
|a (062.534)
|2 MRF
|
| 111 |
2 |
|
|a Osobnost lektora dalšího vzdělávání
|d (2011 :
|c Kostelec nad Černými lesy, Česko)
|7 kn20120510008
|
| 245 |
1 |
0 |
|a Osobnost lektora dalšího vzdělávání :
|b sborník příspěvků z 11. konference partnerství TTnet ČR /
|c editorka Hana Čiháková
|
| 246 |
3 |
0 |
|a 11. konference partnerství TTnet ČR
|
| 246 |
3 |
0 |
|a Konference partnerství TTnet ČR
|
| 246 |
3 |
0 |
|a TTnet ČR
|
| 260 |
|
|
|a Praha :
|b Národní ústav pro vzdělávání,
|c 2011
|
| 300 |
|
|
|a 18 s. ;
|c 30 cm
|
| 500 |
|
|
|a Část. přeloženo z angličtiny
|
| 500 |
|
|
|a "Konference se konala 12.-13. října 2011 v Kostelci nad Černými lesy"
|
| 504 |
|
|
|a Obsahuje bibliografie a bibliografické odkazy
|
| 546 |
|
|
|a Anglická resumé
|
| 650 |
0 |
7 |
|a lektoři (vzdělávání)
|7 ph122233
|2 czenas
|
| 650 |
0 |
7 |
|a profesní kompetence
|7 ph136580
|2 czenas
|
| 650 |
0 |
7 |
|a další vzdělávání
|7 ph119318
|2 czenas
|
| 650 |
0 |
9 |
|a lectors (education)
|2 eczenas
|
| 650 |
0 |
9 |
|a vocational qualifications
|2 eczenas
|
| 650 |
0 |
9 |
|a continuing education
|2 eczenas
|
| 655 |
|
7 |
|a sborníky konferencí
|7 fd133333
|2 czenas
|
| 655 |
|
9 |
|a proceedings of conferences
|2 eczenas
|
| 700 |
1 |
|
|a Čiháková, Hana
|7 mzk2007417493
|4 edt
|
| 710 |
2 |
|
|a Partnerství pro vzdělávání učitelů TTnet ČR (projekt)
|7 kn20081120027
|
| 910 |
2 |
|
|a BOA001
|b 4-1288.270
|
| 928 |
9 |
|
|a NÚV
|
| 990 |
|
|
|a BK
|
| 995 |
|
|
|a 01
|
| 991 |
|
|
|b 201207
|c NOV
|e n
|
| 996 |
6 |
|
|b 2610515683
|c 4-1288.270
|l MZK
|r Sklad / do 1 hodiny
|n 7
|p p.v.
|w 001263940
|u 000010
|a 1
|e BOA001
|j MZK50
|s P
|